| 000 | 02167nam0a2200325 i 4500 | ||
|---|---|---|---|
| 001 | RU\NLR\BIBL_A\012137314 | ||
| 005 | 20241115075641.0 | ||
| 010 |
_a9785788314143 _925 |
||
| 021 |
_aRU _b2019-76263 _9КН-П-5502 |
||
| 035 | _a(RuMoRGB)010115702 | ||
| 035 | _a(NLR Aleph) 012137314 | ||
| 090 |
_a12079415 _c12079415 |
||
| 100 | _a20191113d2019 u y0rusy50 ca | ||
| 101 | 0 | _arus | |
| 102 | _aRU | ||
| 105 | _aa|||j|||000zy | ||
| 200 | 1 |
_aМетоды и алгоритмы интеллектуального анализа данных _eучебное пособие для обучающихся по основной образовательной программе высшего образования по направлению подготовки 01.04.02 Прикладная математика и информатика _fА.Г. Храмов _gМинистерство науки и высшего образования Российской Федерации, Федеральное государственное автономное образовательное учреждение высшего образования "Самарский национальный исследовательский университет имени академика С.П. Королева" (Самарский университет) |
|
| 210 |
_aСамара _cИзд-во Самарского университета _d2019 |
||
| 215 |
_a175 с. _cил., табл. _d21 |
||
| 313 | _aМетоды DATA MINING | ||
| 320 | _aБиблиогр.: с. 157 | ||
| 606 |
_aМашинное обучение _jУчебные издания для высших учебных заведений _92605494 _3RU\NLR\AUTH\661542052 |
||
| 606 |
_aDATA MINING, информационная система _jУчебные издания для высших учебных заведений _92243347 _3RU\NLR\AUTH\661345992 |
||
| 686 | 1 | _aЗ973.2-018я73-1 | |
| 686 | 1 | _aЗ973.233.02я73-1 | |
| 700 | 1 |
_aХрамов _bА. Г. _gАлександр Григорьевич |
|
| 942 | _cBOOK | ||
| 980 | _aNBR | ||